Collectiv productivity bargaining in India : (Record no. 40164)

MARC details
000 -LEADER
fixed length control field 00745nam a22002177a 4500
005 - DATE AND TIME OF LATEST TRANSACTION
control field 20100806154617.0
010 ## - LCCN (DPL NO)
LC control number ENG-98950
020 ## - INTERNATIONAL STANDARD BOOK NUMBER
Terms of availability 75.00
International Standard Book Number 9788188787173
035 ## - SYSTEM CONTROL NUMBER
System control number EN-82482
037 ## - SOURCE OF ACQUISITION
Source of stock number/acquisition DBAD/PUB
082 ## - DEWEY DECIMAL CLASSIFICATION NUMBER
Classification number 331
100 ## - MAIN ENTRY--PERSONAL NAME
Personal name Arumugam, M. U.
245 ## - TITLE STATEMENT
Title Collectiv productivity bargaining in India :
Statement of responsibility, etc by M. U. Arumugam
Remainder of title labour economics /
260 ## - PUBLICATION, DISTRIBUTION, ETC. (IMPRINT)
Place of publication, distribution, etc Chennai
Name of publisher, distributor, etc Sudaroli Pathipagam
Date of publication, distribution, etc 2009
270 ## - ADDRESS
Address No. A3, 99, Panchali Amman Koil Street, Arumbakkam
City Chennai
Postal code 600005
300 ## - PHYSICAL DESCRIPTION
Extent 102 p.
Dimensions 20 cm. (Pbk)
650 ## - SUBJECT ADDED ENTRY--TOPICAL TERM
Topical term or geographic name as entry element Labour economics
700 ## - ADDED ENTRY--PERSONAL NAME
9 (RLIN) 7380
942 ## - ADDED ENTRY ELEMENTS (KOHA)
Source of classification or shelving scheme Dewey Decimal Classification
Item type English Books
Classification part 331
Call number suffix ARU
Holdings
Withdrawn status Lost status Not for loan Collection code Home library Current library Date acquired Cost, normal purchase price Full call number Barcode Copy number Cost, replacement price Koha item type
    Not For Loan Non-fiction D.B.Act.Division D.B.Act.Division 07/08/2010 75.00 331 ARU EN-82482 1 75.00 English Books

© Delhi Public Library
Hit Counter
free hit counter